[Event "POR-ch Absolute 2018"]
[Site "Braga"]
[Date "2018.09.05"]
[Round "1"]
[White "Fernandes, Antonio"]
[Black "Rocha, Sergio"]
[Result "1-0"]
[WhiteElo "2389"]
[BlackElo "2379"]
[Annotator "TA"]
[PlyCount "79"]
[EventDate "2018.09.02"]
[EventType "tourn"]
[EventCountry "POR"]
[SourceTitle "playchess.com"]
[Source "ChessBase"]
[SourceQuality "1"]

{[%evp 30,79,54,70,59,63,103,0,60,0,92,106,83,90,172,170,191,181,308,297,306,298,1820,1774,1722,1713,1620,580,1577,313,322,284,274,277,255,158,221,214,277,235,530,530,530,530,588,530,682,680,764,764,981,977]} 1. Nf3 c5 2. c4 Nc6 3. d4 cxd4 4. Nxd4 g6 5. Nc3 Nf6 6. e4 Nxd4 7. Qxd4 Bg7 8. f3 d6 9. Be3 O-O 10. Be2 Qa5 11. Qd2 Be6 12. b3 {B36: Sizilianisch (Maroczy-Aufbau)} (12. Rc1 Rfc8 13. b3 a6 14. Na4 Qxd2+ 15. Kxd2 Rc6 16. g4 Kf8 17. Nb6 Rb8 18. Nd5 Rcc8 19. Nf4 Bd7 20. g5 Ng8 21. Nd5 e6 {½-½ (65) Giri,A (2785)-Zvjaginsev,V (2661) Sochi 2017}) 12... Nd7 13. Rc1 Rfc8 14. O-O a6 15. f4 Nc5 16. Bf3 {LiveBook: 6 Partien} Rab8 17. Bd4 Bh6 $146 ({Vorgänger:} 17... Qb6 18. Rcd1 Bxd4+ 19. Qxd4 Nd7 20. f5 gxf5 21. exf5 Qxd4+ 22. Rxd4 Bxf5 23. Bxb7 Rxb7 24. Rxf5 {½-½ (56) Shyam,S (2527)-Zuo,Y (2334) Abu Dhabi 2018}) 18. Be3 {Und weiter mit f5 wäre nett.} Bg7 19. Bd4 Bh6 20. g4 {[%cal Bg2g4,Bg4g5][%mdl 32]} b5 21. g5 Bf8 {[#]} (21... Bg7 $16) 22. f5 $1 $36 {[%mdl 2048] Schwarz steht unter starkem Druck.} bxc4 {[#]} 23. b4 $1 {[%cal Rb4a5]} ({Viel schwächer ist} 23. fxe6 Nxe6 24. Ba7 Rb7 $16) 23... Rxb4 (23... Qxb4 $142 24. fxe6 Nxe6) 24. fxe6 Nxe6 25. Bg4 Rcb8 $2 (25... Rbb8 26. Ba7 (26. Bxe6 fxe6 27. Qf4 e5 $18) 26... Bg7 27. Bxb8 Rxb8 28. Bxe6 fxe6) 26. Bxe6 fxe6 27. Qf4 {[%csl Gf1][%cal Rf4f7]} e5 28. Qf7+ Kh8 29. Be3 $2 (29. Qxf8+ Rxf8 30. Rxf8+ Kg7 31. Rcf1) 29... Qd8 30. Qe6 Qc8 31. Qxc8 Rxc8 32. Rf2 Kg8 (32... e6 $16 33. Rf7 Rb2) 33. Nd5 Rb5 34. Rfc2 Ra5 $2 (34... e6 {kämpft weiter.}) 35. Nb6 {Weiß steht klar auf Gewinn.} Rb8 36. a4 h6 37. h4 e6 38. Bd2 Rc5 39. Nd7 d5 40. Nxb8 {Precision: Weiß = 79%, Schwarz = 40%.} 1-0

[Event "POR-ch Absolute 2018"]
[Site "Braga"]
[Date "2018.09.05"]
[Round "1"]
[White "Sousa, Andre Ventura"]
[Black "Padeiro, Jose"]
[Result "1/2-1/2"]
[WhiteElo "2365"]
[BlackElo "2209"]
[Annotator "TA"]
[PlyCount "23"]
[EventDate "2018.09.02"]
[EventType "tourn"]
[EventCountry "POR"]
[SourceTitle "playchess.com"]
[Source "ChessBase"]
[SourceQuality "1"]

{[%evp 19,23,12,71,31,41,-16]} 1. e4 c5 2. Nf3 d6 3. d4 cxd4 4. Nxd4 Nf6 5. Nc3 g6 6. Be3 Bg7 7. f3 Nc6 8. Qd2 O-O 9. O-O-O d5 10. Qe1 e6 {LiveBook: 106 Games} (10... e5 $11 {keeps the balance.} 11. Nxc6 bxc6) 11. Nb3 {B76: Sicilian Dragon: Yugoslav Attack, 9 g4 and 9 0-0-0} (11. Kb1 Qe7 12. Nb3 Rd8 13. Bb5 dxe4 14. Bc5 Qc7 15. Rxd8+ Qxd8 16. Nxe4 Nxe4 17. Qxe4 e5 18. g4 Be6 {1-0 (98) Howell,D (2644)-Jones,G (2667) London 2016}) 11... Qc7 12. Bc5 $146 (12. Qh4 $14) ({Predecessor:} 12. exd5 Nxd5 13. Nxd5 exd5 14. Bc5 Rd8 15. Bb5 Bf5 16. Bxc6 Qxc6 17. Rd2 a5 18. Bd4 a4 19. Na1 Qc4 20. b3 axb3 21. axb3 Bxd4 {0-1 (21) Mortensen,E (2470)-Ward,C (2495) Copenhagen 1994}) 1/2-1/2

[Event "POR-ch Absolute 2018"]
[Site "Braga"]
[Date "2018.09.05"]
[Round "1"]
[White "Silva, Luis Neves Da"]
[Black "Martins, David Pires Tavares"]
[Result "1-0"]
[WhiteElo "2353"]
[BlackElo "2402"]
[Annotator "TA"]
[PlyCount "77"]
[EventDate "2018.09.02"]
[EventType "tourn"]
[EventCountry "POR"]
[SourceTitle "playchess.com"]
[Source "ChessBase"]
[SourceQuality "1"]

{[%evp 11,77,78,88,49,45,49,48,40,52,52,52,33,74,77,158,151,161,158,155,116,178,177,162,166,191,187,216,211,245,222,237,216,214,167,166,21,21,21,21,21,21,21,34,34,34,22,28,39,35,37,29,27,537,525,1178,1151,850,843,2605,2067,2568,2290,2557,2322,5073,4722,2469,2322]} 1. Nf3 d6 2. d4 Bg4 3. c4 e5 4. Nc3 Bxf3 5. exf3 Nc6 6. d5 {A21: Englische Eröffnung} Nd4 {LiveBook: 3 Partien} 7. g3 $146 ({Vorgänger:} 7. Be3 Nf5 8. c5 Nxe3 9. Qa4+ Ke7 10. fxe3 g6 11. c6 b6 12. Ba6 Bh6 13. f4 exf4 14. exf4 {1-0 (40) Lautier,J (2687)-Renet,O (2494) France 2002}) 7... g6 8. Bg2 {Weiß steht etwas besser.} Bg7 9. O-O Ne7 10. f4 O-O 11. Qd3 f5 12. Be3 $1 e4 (12... c5 $142) 13. Qd2 $16 c5 {[#]} 14. dxc6 $1 Nexc6 15. Rad1 Qf6 {[#]} (15... a5 $16) 16. Nb5 $1 $18 {[%cal Rb5d4]} Nxb5 17. cxb5 Nd8 18. f3 ({Auf keinen Fall} 18. Qxd6 $6 Qxb2 19. Qd5+ Nf7 $16) 18... Re8 19. fxe4 (19. Qxd6 $6 Qxd6 20. Rxd6 exf3 $16) 19... Qxb2 20. Qxb2 ({Keinesfalls} 20. Qxd6 $6 Nf7) 20... Bxb2 21. Rxd6 {Und weiter mit e5 wäre nett.} fxe4 22. Rfd1 b6 23. Bxe4 ({Günstiger ist} 23. Rd7 $18) 23... Rxe4 $11 24. Rxd8+ Rxd8 25. Rxd8+ $18 {[%mdl 4096] Endspiel KTL-KTL} Kf7 26. Kf2 Ra4 $1 27. Rd7+ Kg8 28. Kf3 Ra3 29. Ke4 Rxa2 30. Rd2 Ra4+ 31. Kd5 Bc1 $2 {[%mdl 8192]} (31... Bc3 $11 {und Schwarz ist OK.} 32. Rc2 Bg7) 32. Rd4 {Weiß steht klar auf Gewinn.} Rxd4+ 33. Bxd4 {KL-KL} ({Schwächer ist} 33. Kxd4 Bxe3+ 34. Kxe3 Kf7 $16) 33... Kf7 34. Kc6 Ke6 35. Be5 Be3 36. Bb8 Bg1 37. h3 Kf5 38. Bxa7 Bf2 39. g4+ {Precision: Weiß = 69%, Schwarz = 39%.} 1-0

[Event "POR-ch Absolute 2018"]
[Site "Braga"]
[Date "2018.09.05"]
[Round "1"]
[White "Martins, Bruno Andre Leite"]
[Black "Rego, Pedro Filipe"]
[Result "1-0"]
[WhiteElo "2262"]
[BlackElo "2270"]
[Annotator "TA"]
[PlyCount "83"]
[EventDate "2018.09.02"]
[EventType "tourn"]
[EventCountry "POR"]
[SourceTitle "playchess.com"]
[Source "ChessBase"]
[SourceQuality "1"]

{[%evp 13,83,29,39,-2,31,35,27,-7,-1,-8,2,-44,-38,-62,54,22,28,12,128,118,153,24,187,187,184,182,177,185,181,181,194,196,372,365,514,507,511,497,439,437,616,626,608,590,744,749,743,735,735,716,715,695,814,703,667,0,821,822,743,738,5114,5106,2602,1192,29943,11454,29994,29995,29996,29997,29997,29998]} 1. e4 c5 2. Nf3 e6 3. d4 cxd4 4. Nxd4 Nc6 5. Nc3 Qc7 6. f4 a6 7. Be3 Bb4 {LiveBook: 16 Games} 8. Nxc6 {B48: Sicilian: Taimanov: 5 Nc3 Qc7 6 Be3 a6 without Be2} (8. Bd3 Nf6 9. O-O Bxc3 10. bxc3 b5 11. a4 bxa4 12. Rxa4 Bb7 13. Qe2 O-O 14. Nb3 d6 15. c4 Ne7 {1-0 (51) Ondrus,M (2347)-Pacher,M (2522) Velky Cetin 2018}) 8... Qxc6 (8... Bxc3+ {looks sharper.} 9. bxc3 Qxc6 10. Qd3 Nf6 11. e5 Nd5) 9. Qd4 Bxc3+ $1 10. bxc3 {White has an edge.} Nf6 11. Bd3 $132 {[%mdl 2048] White is not keeping still} b5 12. O-O Bb7 13. Rf3 Rg8 $146 (13... Nxe4 $15 14. Qxg7 O-O-O) ({Predecessor:} 13... Nxe4 14. Qxg7 O-O-O 15. a4 Rhg8 16. axb5 axb5 {0-1 (49) Reis,R (2243)-De Souza,I (1919) Manaus 2013}) 14. Rd1 Rc8 15. Rg3 Rc7 {[#]} (15... Qxc3 $11 {keeps the balance.} 16. Qxc3 Rxc3) 16. f5 $1 $16 d6 17. Rxg7 ({White should play} 17. fxe6 $16 {Threatens to win with Rf1.} fxe6 18. e5 dxe5 19. Qxe5) 17... Rxg7 $2 (17... e5 $1 $11 {and Black stays safe.} 18. Rxg8+ Nxg8) 18. Qxf6 $18 Rg8 19. fxe6 {Hoping for Rf1.} Re7 20. exf7+ Rxf7 21. Qe6+ Kf8 {Threatening ...Rg6.} 22. Rf1 Rxf1+ $2 (22... Rgg7) 23. Kxf1 {Black must now prevent Bh6+.} Rg6 (23... Rg7 {might work better.} 24. Bh6 Qc7 25. Qf6+ Kg8 26. Bxg7 Qxg7 27. Qxd6 Qf8+ 28. Qxf8+ Kxf8) 24. Bh6+ Rxh6 25. Qxh6+ Kg8 26. Qe6+ Kg7 (26... Kf8 $142 27. c4 Qc7 28. cxb5 axb5 29. Qh6+ Kg8 30. Qg5+ Kf8 31. Qxb5 Bc6 32. Qf5+ Qf7) 27. Qe7+ Kg8 28. h4 Bc8 29. e5 dxe5 30. Qxh7+ Kf8 31. Qh8+ Kf7 32. Qxe5 Be6 33. Qf4+ Ke7 34. Qe5 $2 ({White should try} 34. Qg5+ $18 Ke8 35. Qf6) 34... Kd8 $2 {[%mdl 8192]} (34... Kf7 $11 35. a3 Qd5 36. Qc7+ Kf6) 35. h5 Bxa2 36. Qg5+ Ke8 37. h6 Qxc3 38. Qg6+ (38. h7 $142 Qh8 39. Qe3+ Kd7 40. Qa7+ Kd6 41. Qxa6+ Kc7 42. Qxa2 Qf6+ 43. Ke2) 38... Kf8 39. Qd6+ Kg8 40. h7+ {White mates.} Kg7 {[#]} 41. h8=Q+ $1 {[%mdl 512]} Kxh8 42. Qf8+ {Precision: White = 52%, Black = 31%.} 1-0

[Event "POR-ch Absolute 2018"]
[Site "Braga"]
[Date "2018.09.05"]
[Round "1"]
[White "Vasques, Antonio Pedro Freix"]
[Black "Veiga, Jose Francisco R P "]
[Result "0-1"]
[WhiteElo "2239"]
[BlackElo "2231"]
[Annotator "TA"]
[PlyCount "78"]
[EventDate "2018.09.02"]
[EventType "tourn"]
[EventCountry "POR"]
[SourceTitle "playchess.com"]
[Source "ChessBase"]
[SourceQuality "1"]

{[%evp 25,78,0,0,-22,-13,-25,-28,-18,0,0,0,0,0,0,54,56,67,66,64,10,16,36,29,22,137,138,143,61,69,48,50,53,48,-614,-614,-613,-612,-604,-567,-567,-554,-731,-694,-4774,-2277,-29980,-29981,-29989,-29990,-29995,-29995,-29995,-29993,-29995,-29996]} 1. e4 e5 2. Nf3 Nc6 3. Bc4 Bc5 4. O-O Nf6 5. d3 O-O 6. c3 d5 7. exd5 Nxd5 8. Re1 Bg4 9. h3 Bh5 10. Nbd2 {[%cal Bb1d2,Bd2e4,Be4g3][%mdl 32]} Nb6 11. Bb5 Bd6 12. Ne4 {C55: Two Knights: 4 d3, 4 d4 exd4 5 e5 and Max Lange Attack} Re8 (12... f5 13. Ng3 Bxf3 14. Qxf3 Ne7 15. Qxb7 c6 16. Bc4+ Nxc4 17. Qb3 Kh8 18. Qxc4 Qd7 19. Bd2 Nd5 {½-½ (52) Vachier Lagrave,M (2789)-Giri,A (2782) Leuven 2018}) 13. Ng3 Bg6 {LiveBook: 15 Games} 14. a4 {Threatens to win with a5.The position is equal.} a6 15. Bxc6 bxc6 16. a5 Nd5 17. Ra4 f5 18. Nh4 f4 19. Ngf5 {[#]} Qf6 $146 (19... Rb8 $11) ({Predecessor:} 19... Bf8) 20. Nxg6 $14 hxg6 21. Nxd6 cxd6 22. Qf3 (22. c4 $14 Ne7 23. b4) 22... Rab8 23. Rc4 Ne7 24. d4 {With the idea dxe5.} Rb5 (24... Qf7 $11 25. Qe2 f3 $1 {[%mdl 512]} 26. gxf3 Nf5 27. dxe5 (27. Rxc6 exd4 28. Rb6 Nh4 $17) 27... Rxe5) 25. dxe5 $16 Rxe5 {[#]} 26. Rxe5 ({White should try} 26. Rce4 $1 $16) 26... dxe5 $14 27. Qe2 {And now Re4 would win.} Nd5 28. Re4 Qf5 29. c4 $2 {[%mdl 8192]} (29. Qc4 $14) 29... Nf6 $19 30. f3 Nxe4 31. fxe4 {[%mdl 4096] Endgame KQR-KQB} Qd7 32. Bd2 Qd4+ 33. Kh2 Qxb2 34. c5 Qc2 (34... Rd8 $142 35. Qc4+ Kh7) 35. Qxa6 Qxd2 {Black mates.} 36. Qxc6 f3 {[%csl Gf3][%cal Rd2g2,Bf4f3,Bf3f2][%mdl 32]} 37. Qxe8+ Kh7 {[%csl Gf3][%cal Rd2g2]} 38. Kg3 Qxg2+ 39. Kh4 f2 {Precision: White = 45%, Black = 67%.} 0-1

[Event "POR-ch Absolute 2018"]
[Site "Braga"]
[Date "2018.09.04"]
[Round "2"]
[White "Fernandes, Antonio"]
[Black "Martins, Bruno Andre Leite"]
[Result "1/2-1/2"]
[WhiteElo "2389"]
[BlackElo "2262"]
[Annotator "TA"]
[PlyCount "92"]
[EventDate "2018.09.02"]
[EventType "tourn"]
[EventCountry "POR"]
[SourceTitle "playchess.com"]
[Source "ChessBase"]
[SourceQuality "1"]

{[%evp 20,92,-10,-12,4,-6,-6,-13,-8,-16,-7,-17,0,0,0,-17,0,0,0,0,0,0,0,-15,-9,-29,0,-9,0,-20,0,-12,0,-2,-7,-15,0,-9,-9,-5,2,2,2,0,0,0,0,0,0,0,0,0,0,0,0,0,0,0,0,0,0,0,0,0,0,0,0,0,0,0,0,0,0,0,0]} 1. d4 Nf6 2. Bg5 d5 3. e3 g6 4. Bxf6 exf6 5. c4 dxc4 6. Bxc4 Bd6 {D00: 1 d4 d5: Unusual lines} 7. Nc3 c6 8. Qf3 Nd7 9. Nge2 Qe7 10. O-O-O Nb6 11. Bb3 {LiveBook: 3 Games} Be6 $146 ({Predecessor:} 11... a5 12. Ne4 f5 13. Nxd6+ Qxd6 14. Qf4 {0-1 (36) Ivanisevic,I (2626)-Cheparinov,I (2672) Warsaw 2013}) 12. Ne4 f5 13. Nxd6+ Qxd6 14. Bxe6 Qxe6 15. Kb1 O-O-O 16. Rc1 Nd5 17. a3 Rhe8 18. g3 Qe4+ (18... g5 {is interesting.} 19. Rc2 Kb8 20. Nc3 Nb6 21. h4 h6) 19. Qxe4 fxe4 20. Rc5 Rd6 21. Rhc1 Kd7 22. b4 a6 23. h4 {The position is equal.} Ree6 24. Nc3 (24. Rh1 {keeps more tension.} Rf6 25. Rh2 Kc7 26. Kb2 Rd8 27. g4) 24... h5 25. Rc2 Nxc3+ 26. R5xc3 $11 {[%mdl 4096] Endgame KRR-KRR} Rd5 27. Kc1 Rf6 28. Kd1 Rdf5 29. Ke1 Rd5 30. Rc5 b6 31. Rxd5+ cxd5 {KR-KR} 32. a4 Rc6 33. Rxc6 $1 Kxc6 {KP-KP} 34. f3 f5 35. g4 exf3 36. gxh5 gxh5 37. Kf2 b5 38. a5 Kd6 39. Kg3 Ke6 40. Kxf3 Ke7 41. Kg2 Kf7 42. Kg3 Kg7 43. Kf3 Kf7 44. Kf4 Kf6 45. Kg3 $1 {[%cal Rg3f4] [#] Hoping for Kf4.} Kg7 46. Kf3 Kf7 {Precision: White = 68%, Black = 69%.} 1/2-1/2

[Event "POR-ch Absolute 2018"]
[Site "Braga"]
[Date "2018.09.04"]
[Round "2"]
[White "Rocha, Sergio"]
[Black "Martins, David Pires Tavares"]
[Result "1-0"]
[WhiteElo "2379"]
[BlackElo "2402"]
[Annotator "TA"]
[PlyCount "97"]
[EventDate "2018.09.02"]
[EventType "tourn"]
[EventCountry "POR"]
[SourceTitle "playchess.com"]
[Source "ChessBase"]
[SourceQuality "1"]

{[%evp 9,96,30,45,41,55,45,47,31,81,73,96,31,25,24,116,103,106,115,109,50,55,-38,-26,-88,4,-13,43,29,17,20,94,20,20,21,16,14,22,23,64,25,71,69,195,190,193,151,146,153,185,92,93,93,108,79,89,89,89,89,89,76,77,68,125,103,241,111,102,117,197,127,127,135,158,128,337,330,335,327,323,321,332,328,656,653,640,630,29977,29978,29999]} 1. d4 d6 2. Nf3 f5 3. h3 Nf6 4. Nc3 d5 5. Bf4 a6 6. e3 $146 {A80: Dutch Defence: Unusual White second moves} ({Predecessor:} 6. Qd3 e6 7. g4 Bb4 8. Rg1 O-O 9. gxf5 exf5 10. a3 Be7 {½-½ (29) Carlstedt,J (2447)-Semcesen,D (2504) Kolding 2014}) 6... e6 7. g4 Bb4 8. a3 {White is slightly better.} Bd6 9. Ne5 {Strongly threatening g5.} O-O 10. Bd3 (10. gxf5 $16 exf5 11. Rg1) 10... Nc6 11. Rg1 {Black should prevent gxf5.} Nd7 (11... Bxe5 $11 {remains equal.} 12. dxe5 Nd7) 12. Nxd7 $1 $16 Qxd7 13. Bxd6 Qxd6 14. f4 ({Better is} 14. gxf5 $1 $16 exf5 15. Qh5) 14... Ne7 15. Nb1 (15. Qd2 $14) 15... c5 $15 {aiming for ...cxd4.} 16. c3 (16. gxf5 $11 exf5 17. Be2) 16... Bd7 (16... c4 $17 17. Be2 Qb6) 17. Nd2 {[%cal Bb1d2,Bd2f3,Bf3e5][%mdl 32]} b5 (17... Qb6 $11) 18. Qf3 c4 19. Bc2 Nc8 (19... Ra7 $11) 20. Qg3 (20. Qg2 $16) 20... Qe7 $1 $11 21. Nf3 Nd6 22. Ne5 a5 23. Qg2 Ne4 24. Bxe4 (24. h4 $5) 24... dxe4 25. Kf2 {[%cal Be1f2,Bf2g3,Bg3h2][%mdl 32]} b4 ({Black should try} 25... Ra7 $14) 26. axb4 $18 axb4 27. Kg3 ({Don't take} 27. Nxc4 $6 bxc3 28. bxc3 Rac8 $16) 27... Bb5 28. Kh2 b3 29. Rad1 (29. gxf5 $1 $18 {and White stays clearly on top.} exf5 30. d5) 29... Rfd8 $16 30. Rd2 {[%cal Bd1d2,Bd2g2,Bg2g5][%mdl 32]} Rd5 31. Qg3 Ra7 32. Rdg2 Rd6 33. Qf2 Qf6 34. gxf5 exf5 35. Rg5 Rc7 (35... Rda6 $14) 36. Qe2 Be8 (36... Qe6 $16 {might work better.}) 37. Ra1 (37. Nxc4 $18 {and the rest is easy.} Ra6 38. Ne5) 37... h6 38. Rg2 Bf7 (38... Ra6 $16 39. Rxa6 Qxa6) 39. Ra8+ (39. Rag1 $1 $18) 39... Kh7 40. Rf8 Qe6 41. Qe1 $40 {[%mdl 128] White wants a kill.} Be8 $2 {[#]} (41... Ra7 $16 42. Qe2 Rda6) 42. Qa1 $1 $18 {[%cal Ra1a8]} Qe7 {[#]} 43. Qa5 $1 ({Worse is} 43. Rxf5 g6 $17) 43... Rc8 44. Rxf5 g6 45. Ng4 gxf5 $2 (45... Bd7) 46. Qxf5+ Rg6 {Hoping for ...Bd7.} 47. Qxc8 Bd7 {[#]} 48. Nf6+ $1 {[%mdl 512]} Rxf6 (48... Qxf6 49. Qxd7+) 49. Qg8# {Precision: White = 62%, Black = 27%.} 1-0

[Event "POR-ch Absolute 2018"]
[Site "Braga"]
[Date "2018.09.04"]
[Round "2"]
[White "Rego, Pedro Filipe"]
[Black "Vasques, Antonio Pedro Freix"]
[Result "1-0"]
[WhiteElo "2270"]
[BlackElo "2239"]
[Annotator "TA"]
[PlyCount "73"]
[EventDate "2018.09.02"]
[EventType "tourn"]
[EventCountry "POR"]
[SourceTitle "playchess.com"]
[Source "ChessBase"]
[SourceQuality "1"]

{[%evp 24,73,58,74,72,70,62,11,14,6,5,13,28,40,56,0,56,56,135,141,126,111,119,138,238,244,277,271,508,503,501,495,493,489,486,484,445,462,872,866,840,825,818,770,2078,1891,1654,1442,12840,12840,12841,12841]} 1. Nf3 Nf6 2. c4 g6 3. g3 Bg7 4. Bg2 O-O 5. O-O c6 6. d4 d5 7. cxd5 cxd5 8. Ne5 Nbd7 9. Nc3 Nxe5 10. dxe5 Ng4 11. Nxd5 Nxe5 12. Bg5 Nc6 13. Qa4 {LiveBook: 3 Games. D79: Fianchetto Grünfeld: Symmetrical Variation (6 0-0 c6 7 cxd5 cxd5)} (13. Rc1 Be6 14. Qd2 f6 15. Bf4 Rc8 16. Rfd1 Bf7 17. Be3 e6 18. Nc3 Qxd2 19. Rxd2 Ne5 20. Bxa7 b5 {1-0 (58) Wang,Y (2720)-Harikrishna,P (2727) Beijing 2014}) 13... h6 14. Be3 $1 Bd7 {[#]} 15. Rac1 $146 (15. Bc5 $14) ({Predecessor:} 15. Rad1 Nd4 16. Qb4 e5 17. Bxd4 exd4 18. Qxb7 Kh7 19. e3 Rb8 20. Qxa7 Bc6 21. Rxd4 Rxb2 {1-0 (85) Cori Tello,J (2602)-Montoliu Cervero,F (2326) Benasque 2016}) 15... Nd4 $11 16. Qd1 e5 $1 17. f4 Bg4 18. Rf2 $36 {[%mdl 2048] White is pushing.} Nc6 19. Qa4 (19. b4 $14) 19... Re8 (19... Nd4 $11) 20. fxe5 $14 Nxe5 {[#]} (20... Bf5 $14) 21. Nc7 $1 $16 {[%cal Rc7a8]} Bd7 22. Qb3 Be6 23. Nxe6 Rxe6 {[#]} (23... fxe6 $16 24. h3 (24. Qxb7 Rb8 $16) 24... Re7) 24. Rxf7 $3 $18 {[%mdl 512]} Kxf7 (24... Nxf7 25. Qxe6) 25. Bd5 Qd7 $2 (25... Kg8 {might work better.} 26. Bxe6+ Kh7 27. Qxb7 Rb8) 26. Rf1+ {White is clearly winning.} Bf6 {And now ...Rae8 would win.} 27. Bxe6+ Qxe6 28. Qxb7+ Nd7 29. Bd4 $1 {Black must now prevent Rxf6+.} ({Stronger than} 29. Qxa8 Qxe3+ 30. Kg2 Qxe2+ 31. Rf2 Qe3 $11) 29... Rb8 30. Qxa7 Qe7 (30... Ke8 $142 31. Rxf6 Qxe2) 31. Bxf6 Nxf6 32. Qxb8 {KQR-KQN} Qe3+ 33. Rf2 Qc1+ 34. Kg2 {White wants to mate with Qa7+.} Qc6+ {[#]} 35. Rf3 $1 g5 36. Qe5 g4 {[#]} 37. Qxf6+ $1 {Precision: White = 73%, Black = 50%.} 1-0

[Event "POR-ch Absolute 2018"]
[Site "Braga"]
[Date "2018.09.04"]
[Round "2"]
[White "Veiga, Jose Francisco R P "]
[Black "Sousa, Andre Ventura"]
[Result "0-1"]
[WhiteElo "2231"]
[BlackElo "2365"]
[Annotator "TA"]
[PlyCount "70"]
[EventDate "2018.09.02"]
[EventType "tourn"]
[EventCountry "POR"]
[SourceTitle "playchess.com"]
[Source "ChessBase"]
[SourceQuality "1"]

{[%evp 36,70,0,0,0,0,0,-9,0,-66,-11,-86,-64,-125,-133,-135,-123,-196,-199,-185,-181,-181,-183,-182,-195,-209,-156,-307,-308,-313,-312,-310,-302,-317,-310,-648,-664]} 1. e4 e5 2. Nf3 Nc6 3. Bb5 a6 4. Ba4 Nf6 5. O-O Be7 6. d3 b5 7. Bb3 d6 8. c3 O-O 9. Re1 Na5 10. Bc2 c5 11. Nbd2 Nc6 12. Nf1 Re8 13. h3 h6 14. Ng3 Be6 15. d4 {C90: Closed Ruy Lopez with 7...d6: Early deviations} (15. Nh2 Bf8 16. Qf3 d5 17. Ng4 Nxg4 18. hxg4 d4 19. Nf5 Rc8 20. Bd2 c4 21. Rad1 dxc3 22. bxc3 cxd3 23. Bxd3 {1-0 (37) Vachier Lagrave,M (2789)-Fressinet,L (2662) Riadh 2017}) 15... cxd4 16. cxd4 exd4 17. Nxd4 Nxd4 18. Qxd4 Rc8 19. Bb3 {LiveBook: 30 Games} d5 20. e5 Bc5 21. Qd3 Nd7 22. Bc2 ({White should try} 22. Bf4 $11) 22... Nf8 (22... g6 $1 $15 23. Bb3 Qb6) 23. b3 $146 {[#]} (23. Bd2 $11) 23... Qb6 $1 $17 24. Be3 (24. Re2 $15) 24... Bxe3 25. Rxe3 {[#]} d4 $1 $36 {[%cal Rd4e3][%mdl 2048] Black has strong initiative.} 26. Re2 (26. Ree1 $17 {was necessary.}) 26... Rc3 $19 27. Qe4 {[#]} Rxg3 $1 {[%mdl 512]} 28. fxg3 {And now Kh2 would win.} d3+ $1 29. Rf2 dxc2 30. Qxc2 Qe3 31. Raf1 $2 (31. Kh2 $17 {was worth a try.}) 31... Rc8 ({Don't do} 31... Qxe5 32. Qd3 $19) (31... Qxg3 32. Qc6 $19) 32. Qe2 Qxg3 33. Rf3 Qg6 34. Qe3 Nd7 ({Much less strong is} 34... Rc2 35. R3f2 $19) 35. Qd3 $2 (35. Rd1) 35... Nxe5 {Precision: White = 29%, Black = 70%.} 0-1

[Event "POR-ch Absolute 2018"]
[Site "Braga"]
[Date "2018.09.04"]
[Round "2"]
[White "Padeiro, Jose"]
[Black "Silva, Luis Neves Da"]
[Result "0-1"]
[WhiteElo "2209"]
[BlackElo "2353"]
[Annotator "TA"]
[PlyCount "44"]
[EventDate "2018.09.02"]
[EventType "tourn"]
[EventCountry "POR"]
[SourceTitle "playchess.com"]
[Source "ChessBase"]
[SourceQuality "1"]

{[%evp 13,44,-18,-16,-23,16,-23,-27,-32,-25,-32,-27,-85,-83,-76,-53,-49,-31,-58,-56,-149,-139,-271,-68,-74,-73,-388,-375,-461,-462,-420,-354,-429,-256]} 1. c4 e6 2. Nc3 d5 3. e3 Nf6 4. Nf3 Be7 5. d4 O-O 6. Bd3 dxc4 7. Bxc4 a6 {LiveBook: 63 Partien} 8. a3 {D37: Damengambit (5.Lf4)} (8. O-O c5 9. Qe2 b5 10. Bb3 Bb7 11. Rd1 Nbd7 12. e4 b4 13. d5 bxc3 14. dxe6 fxe6 15. Ng5 Qb6 16. Bxe6+ Kh8 17. Bxd7 h6 18. Ne6 Rf7 19. bxc3 Bxe4 {1-0 (39) Cori Tello,J (2657)-Rambaldi,F (2574) Saint Louis 2017}) 8... b5 9. Ba2 c5 10. dxc5 {Schwarz hat minimalen Vorteil.} Qxd1+ $146 ({Vorgänger:} 10... Bxc5 11. Qxd8 Rxd8 12. b4 Be7 13. Bb2 Nbd7 14. O-O Bb7 15. Rfd1 Bxf3 16. gxf3 {0-1 (38) Jirovsky,M (2446)-Michalik,P (2549) Czech Republic 2018}) 11. Kxd1 Bxc5 12. b4 (12. Bd2 $11) 12... Be7 $1 $17 13. Bb2 Bb7 14. Ke2 Nbd7 15. Rhg1 Rfc8 16. Nd2 {[#]} ({Lieber} 16. Rgc1 $15) 16... a5 $1 {[%cal Ra5b4]} 17. bxa5 (17. Bb1 $17 {ist wohl besser.}) 17... b4 $2 ({Auf keinen Fall} 17... Rxa5 18. Bb1 $19) (17... Ba6 $19 {zielt auf ...b4+ ab.} 18. Kd1 b4 19. axb4 Bxb4) 18. axb4 $15 Bxb4 19. Rac1 $2 {[%mdl 8192] [#]} (19. Bc4 $17) 19... Ba6+ $1 $19 20. Ke1 Nc5 21. Bb1 Bd3 22. Ba2 Nce4 {Precision: Weiß = 10%, Schwarz = 54%.} (22... Bxa5 $142 23. Bb1 Bxb1 24. Ncxb1 Nd3+ 25. Ke2 Nxb2 26. Rxc8+ Rxc8) 0-1